00699nam a22002057a 450000500170000001000150001702000260003203500140005803700130007208200140008510000200009924500680011926000380018727000660022530000230029150000060031494200280032099900190034895201260036720171026164258.0 aENG-120920 c895.00a9789380033484 aEN-104452 bDBAD/PUB a338.10954 aPatel,Samita S. aAgriculture and rural development in India /cby Smita S. Patel aJaipurbParadise Publishersc2012 aA-436 A, Satlaj Path, Tara Nagar "A" JhotwarabJaipure302012 a224p.c22cm(Hb)b  a  2ddccENmPATh338.10954 c146883d146883 001040718NFICaDBADbBNd2017-10-26eDBAD/PUBg895.00l0o338.10954 PATpEN-104452r2017-10-26 00:00:00t1v895.00yEN